Parliamentary Memorandum by Hon. Emmanuel Armah-Kofi Buah (MP) Minister for Petroleum and Hon. Seth Terpker Minister for Finance on the Indemnity Agreements in Support of $500 Million World Bank IDA Guarantee and $200 Million World Bank IBRD Guarantee for Development of the Sankofa Gye Nyame Oil and Gas Project (Record no. 4088)

MARC details
000 -LEADER
fixed length control field 00817nam a22001697a 4500
003 - CONTROL NUMBER IDENTIFIER
control field OSt
005 - DATE AND TIME OF LATEST TRANSACTION
control field 20241204105642.0
008 - FIXED-LENGTH DATA ELEMENTS--GENERAL INFORMATION
fixed length control field 240626b |||||||| |||| 00| 0 eng d
041 ## - LANGUAGE CODE
Language code of text/sound track or separate title English
082 ## - DEWEY DECIMAL CLASSIFICATION NUMBER
Classification number PM/IBRD/16 Acc.No.9165 C.1
110 ## - MAIN ENTRY--CORPORATE NAME
Corporate name or jurisdiction name as entry element Minister of Petroleum (Hon. Emmanuel Armah Kofi Buah)
245 ## - TITLE STATEMENT
Title Parliamentary Memorandum by Hon. Emmanuel Armah-Kofi Buah (MP) Minister for Petroleum and Hon. Seth Terpker Minister for Finance on the Indemnity Agreements in Support of $500 Million World Bank IDA Guarantee and $200 Million World Bank IBRD Guarantee for Development of the Sankofa Gye Nyame Oil and Gas Project
260 ## - PUBLICATION, DISTRIBUTION, ETC.
Place of publication, distribution, etc. Accra:
Name of publisher, distributor, etc. Parliament of Ghana,
Date of publication, distribution, etc. 2016.
300 ## - PHYSICAL DESCRIPTION
Extent 8p:, tabs
653 ## - INDEX TERM--UNCONTROLLED
Uncontrolled term 1. Sankofa Gye Nyame Oil and Gas Project 2. World Bank IDA, IBRD Guarantee
942 ## - ADDED ENTRY ELEMENTS (KOHA)
Source of classification or shelving scheme Dewey Decimal Classification
Koha item type Memorandum
Suppress in OPAC No
Holdings
Withdrawn status Lost status Source of classification or shelving scheme Damaged status Not for loan Home library Current library Shelving location Date acquired Total checkouts Full call number Date last seen Copy number Price effective from Koha item type
    Dewey Decimal Classification     Main Library Main Library Open Shelves 03/12/2024   PM/IBRD/16 Acc.No.9165 C.1 03/12/2024 1 03/12/2024 Memorandum
©2026  Parliament of Ghana Library - All rights reserved